| 000 | 00640nam a2200181 i 4500 | ||
|---|---|---|---|
| 001 | 29799 | ||
| 003 | ES-MaACL | ||
| 005 | 20230906154105.0 | ||
| 007 | t| | ||
| 008 | 030123s1885 sp ||||1| spa d | ||
| 100 | 1 |
_aBas y Martínez, Quintín. _926233 |
|
| 245 | 1 | 0 |
_aHistoria de Caravaca / _crecopilada y adicionada por D. Quintín Bas y Martínez. |
| 260 |
_aCaravaca : _b[s.n.], _c1885 ( _fTip. de "La Luz") |
||
| 300 |
_a152 p. ; _c22 cm. |
||
| 650 | 4 |
_aCruz de Caravaca- _xHistoria. _9152305 |
|
| 651 | 4 |
_aCaravaca de la Cruz- _xHistoria. _9152306 |
|
| 852 | 4 |
_aES-MaACL _jZ-3-F-22 _z- Dedicatoria autógrafa del autor a Juan Tamayo |
|
| 999 |
_c29799 _d29799 |
||